Od svitu do mrku

Náročné pracovné podmienky vo vrcholovom manažmente organizácií. Správny pomer medzi pracovným a súkromným životom. Stres na pracovisku. Rozdelenie právomocí vrcholového manažmentu. Organizačná štruktúra.

Uložené v:
Podrobná bibliografia
Hlavný autor: Jamnický, Peter
Médium: Kapitola
Jazyk:Slovak
Predmet:
Tagy: Pridať tag
Žiadne tagy, Buďte prvý, kto otaguje tento záznam!

MARC

LEADER 00000naa$a2200000$$$4500
001 0065299
005 20240502071755.1
041 0 |a slo 
044 |a SK 
245 1 0 |a Od svitu do mrku  |c Peter Jamnický 
520 |a Náročné pracovné podmienky vo vrcholovom manažmente organizácií. Správny pomer medzi pracovným a súkromným životom. Stres na pracovisku. Rozdelenie právomocí vrcholového manažmentu. Organizačná štruktúra. 
610 2 0 |a manažment 
610 2 0 |a štruktúra organizačná 
610 2 0 |a manažéri 
610 2 0 |a stresy 
610 2 0 |a náplň pracovná 
100 1 |a Jamnický, Peter